000 00396nam a2200133Ia 4500
008 210430s9999 xx 000 0 und d
020 _a978-81-317-2146-9
082 _a658 F9791 F
100 _aStephen P.Robbins
245 _aFundamentals of Management Essential Concepts and Applications 6th
_cStephen P.Robbins
260 _aIndia
_bPrentice Hall
_c2011
300 _a468p
942 _cBK
_2ddc
999 _c564751
_d564751